000 00442nam a22001697a 4500
003 OSt
005 20211229110220.0
008 211229b |||||||| |||| 00| 0 eng d
020 _a0934375402
040 _cHU
082 _a005.133
100 _aHolub Allen
_926003
245 _aSave Yourself Th Time And Trouble Of Manual File Entry ...Order The C Chest Programs On Disk
260 _aUSA
_bUSA
300 _f536
942 _2ddc
_cBOOKS
_n0
999 _c24912
_d24912